[Event "Moscow-chT"]
[Site "Moscow"]
[Date "2016.11.01"]
[Round "9.3"]
[White "Miroshnichenko, Evgenij"]
[Black "Eliseev, Urii"]
[Result "0-1"]
[WhiteElo "2610"]
[BlackElo "2606"]
[PlyCount "92"]
[EventDate "2016.10.18"]
[EventType "team-swiss"]
[EventRounds "9"]
[EventCountry "RUS"]
[SourceTitle "CBM 175 Extra"]
[Source "ChessBase"]
[SourceDate "2016.12.12"]
[SourceVersion "1"]
[SourceVersionDate "2016.12.12"]
[SourceQuality "1"]
[WhiteTeam "Gogol Mogol"]
[BlackTeam "Moscow Youth"]
[WhiteTeamCountry "RUS"]
[BlackTeamCountry "RUS"]

1. e4 c5 2. Nf3 Nc6 3. d4 cxd4 4. Nxd4 Nf6 5. Nc3 d6 6. g3 g6 7. Bg2 Bd7 8. Nde2 Bg7 9. a4 a6 10. 0-0 0-0 11. h3 Rb8 12. Be3 b5 13. axb5 axb5 14. Nd5 Re8 15. Nef4 b4 16. Kh2 e6 17. Nxf6+ Bxf6 18. Qxd6 Be5 19. Qc5 Bxb2 20. Rab1 Bg7 21. Rfd1 Bf8 22. Qc4 Ne5 23. Qd4 Qc7 24. Nxg6 hxg6 25. Bf4 Bg7 26. Bxe5 Bxe5 27. Qxd7 Qxc2 28. f4 Bc3 29. Rdc1 Qa2 30. Qd1 Rbd8 31. Qc2 Rd2 32. Qxa2 Rxa2 33. e5 Rea8 34. h4 R8a3 35. Kh3 Re2 36. Rf1 b3 37. Bf3 Re3 38. h5 gxh5 39. Bxh5 b2 40. Rfd1 Kf8 41. Rd8+ Kg7 42. Rdd1 Ra1 43. Kg2 Rd3 44. Rf1 Rd2+ 45. Kh3 Rc2 46. Rfd1 Rxb1 0-1

[Event "Chigorin Memorial 24th"]
[Site "St Petersburg"]
[Date "2016.10.23"]
[Round "9"]
[White "Romanov, Evgeny"]
[Black "Eliseev, Urii"]
[Result "1-0"]
[WhiteElo "2619"]
[BlackElo "2606"]
[PlyCount "87"]
[EventDate "2016.10.15"]
[EventType "swiss"]
[EventRounds "9"]
[EventCountry "RUS"]
[SourceTitle "CBM 175 Extra"]
[Source "ChessBase"]
[SourceDate "2016.12.12"]
[SourceVersion "1"]
[SourceVersionDate "2016.12.12"]
[SourceQuality "1"]

1. d4 Nf6 2. c4 g6 3. Nc3 d5 4. Bg5 Bg7 5. Bxf6 Bxf6 6. cxd5 c5 7. dxc5 Nd7 8. c6 Nc5 9. Rc1 bxc6 10. b4 Rb8 11. a3 0-0 12. e3 Bxc3+ 13. Rxc3 Ne4 14. Rxc6 a5 15. Qd4 axb4 16. axb4 Bb7 17. Qxe4 Bxc6 18. dxc6 Ra8 19. Bd3 Ra1+ 20. Bb1 Qb6 21. Ne2 Ra4 22. Qd4 Qxc6 23. Nc3 e5 24. Qd2 Qxg2 25. Qd5 e4 26. Qxe4 Qxe4 27. Bxe4 Rxb4 28. Ke2 Kg7 29. Kf3 Re8 30. Bd5 Re5 31. h4 Rb2 32. e4 Rc2 33. Ne2 f5 34. Nd4 fxe4+ 35. Bxe4 Rc4 36. Ke3 Ra5 37. Rd1 Raa4 38. f3 Ra6 39. Nb5 Rf6 40. Rd7+ Kh6 41. Nd6 Rc3+ 42. Kf2 Rc5 43. Kg3 Rh5 44. f4 1-0

[Event "Chigorin Memorial 24th"]
[Site "St Petersburg"]
[Date "2016.10.16"]
[Round "2"]
[White "Belous, Mikhail"]
[Black "Eliseev, Urii"]
[Result "0-1"]
[WhiteElo "2314"]
[BlackElo "2606"]
[PlyCount "90"]
[EventDate "2016.10.15"]
[EventType "swiss"]
[EventRounds "9"]
[EventCountry "RUS"]
[SourceTitle "CBM 175 Extra"]
[Source "ChessBase"]
[SourceDate "2016.12.12"]
[SourceVersion "1"]
[SourceVersionDate "2016.12.12"]
[SourceQuality "1"]

1. d4 Nf6 2. c4 g6 3. Nc3 d5 4. cxd5 Nxd5 5. e4 Nxc3 6. bxc3 Bg7 7. Bc4 c5 8. Ne2 Nc6 9. Be3 0-0 10. 0-0 Qc7 11. Rc1 Rd8 12. f4 Na5 13. Bd3 f5 14. exf5 Bxf5 15. Bxf5 gxf5 16. Ng3 e6 17. Nh5 Bh8 18. Bf2 cxd4 19. cxd4 Qf7 20. Rc3 h6 21. Rd3 Nc6 22. Re1 Rd6 23. Ng3 Nb4 24. Rd2 Rc8 25. Ne2 Rdc6 26. Qb3 Nd5 27. Rb1 Nf6 28. Rbb2 Qc7 29. h3 Ne4 30. Rd1 Rb6 31. Qa3 Rxb2 32. Qxb2 Qc2 33. Qc1 Rc4 34. Qxc2 Rxc2 35. Kf1 Rxa2 36. d5 exd5 37. Rxd5 Ra1+ 38. Be1 Bf6 39. Rd3 Be7 40. Nd4 Bh4 41. Nf3 Bxe1 42. Nxe1 b5 43. g4 b4 44. Ke2 Nc3+ 45. Kf2 b3 0-1

[Event "RUS-ch Higher League 69th"]
[Site "Kolomna"]
[Date "2016.07.01"]
[Round "9"]
[White "Eliseev, Urii"]
[Black "Matlakov, Maxim"]
[Result "1/2-1/2"]
[WhiteElo "2602"]
[BlackElo "2691"]
[PlyCount "97"]
[EventDate "2016.06.22"]
[EventType "swiss"]
[EventRounds "9"]
[EventCountry "RUS"]
[SourceTitle "CBM 174"]
[Source "ChessBase"]
[SourceDate "2016.09.13"]
[SourceVersion "1"]
[SourceVersionDate "2016.09.13"]
[SourceQuality "1"]

1. e4 e5 2. Nf3 Nc6 3. Bb5 a6 4. Ba4 Nf6 5. 0-0 Be7 6. Re1 b5 7. Bb3 d6 8. c3 0-0 9. d4 Bg4 10. Be3 Bh5 11. h3 exd4 12. cxd4 Na5 13. Bc2 Nc4 14. Bc1 d5 15. e5 Ne4 16. b3 Nb6 17. Bxe4 dxe4 18. Rxe4 Nd5 19. Bb2 f5 20. Re1 Bb4 21. Rf1 Qe7 22. Qd3 Rad8 23. Nc3 Nf4 24. Qe3 Ne6 25. Rfd1 Bxc3 26. Bxc3 Rd5 27. b4 Qd7 28. Bb2 f4 29. Qc3 Rd8 30. Rac1 h6 31. Re1 Kh8 32. Qa3 Qe7 33. Rc6 Bxf3 34. Qxf3 Qxb4 35. Bc3 Qe7 36. Rxa6 b4 37. Bb2 Nxd4 38. Qxf4 c5 39. Qe4 Ne6 40. f4 Rd2 41. Ba1 c4 42. f5 Nc5 43. f6 gxf6 44. Qg6 c3 45. Qxh6+ Qh7 46. Qxf6+ Qg7 47. Qh4+ Kg8 48. Qc4+ Kh8 49. Qh4+ 1/2-1/2

[Event "RUS-ch Higher League 69th"]
[Site "Kolomna"]
[Date "2016.06.29"]
[Round "7"]
[White "Eliseev, Urii"]
[Black "Gavrilov, Alexei"]
[Result "1-0"]
[WhiteElo "2602"]
[BlackElo "2466"]
[PlyCount "101"]
[EventDate "2016.06.22"]
[EventType "swiss"]
[EventRounds "9"]
[EventCountry "RUS"]
[SourceTitle "CBM 174"]
[Source "ChessBase"]
[SourceDate "2016.09.13"]
[SourceVersion "1"]
[SourceVersionDate "2016.09.13"]
[SourceQuality "1"]

1. e4 e5 2. Nf3 Nc6 3. d4 exd4 4. Nxd4 Bc5 5. Nb3 Bb6 6. Nc3 d6 7. Qe2 Nge7 8. Be3 0-0 9. 0-0-0 f5 10. exf5 Nxf5 11. Bxb6 axb6 12. g3 Re8 13. Qd2 Ne5 14. f4 Ng4 15. Bc4+ Kh8 16. Rde1 Bd7 17. Rxe8+ Bxe8 18. Qe2 Bc6 19. Re1 Nge3 20. Bd3 Qf8 21. Nb5 Qf7 22. N3d4 g6 23. Nxc6 bxc6 24. Nc3 Nd5 25. Nxd5 cxd5 26. a3 Rf8 27. c3 Kg7 28. g4 Nh6 29. f5 gxf5 30. gxf5 Ng8 31. Qg4+ Kh8 32. Qd4+ Nf6 33. Re6 Qg7 34. Kb1 Rf7 35. Bc2 Qg4 36. Qe3 Qg2 37. Re7 Qg7 38. Rxf7 Qxf7 39. a4 c5 40. b4 d4 41. Qe6 Kg7 42. Qxf7+ Kxf7 43. a5 bxa5 44. bxa5 dxc3 45. Ba4 Ke7 46. Bc6 d5 47. a6 d4 48. a7 d3 49. a8Q c2+ 50. Kb2 c4 51. Qa3+ 1-0

[Event "RUS-ch Higher League 69th"]
[Site "Kolomna"]
[Date "2016.06.28"]
[Round "6"]
[White "Goryachkina, Aleksandra"]
[Black "Eliseev, Urii"]
[Result "0-1"]
[WhiteElo "2486"]
[BlackElo "2602"]
[PlyCount "108"]
[EventDate "2016.06.22"]
[EventType "swiss"]
[EventRounds "9"]
[EventCountry "RUS"]
[SourceTitle "CBM 174"]
[Source "ChessBase"]
[SourceDate "2016.09.13"]
[SourceVersion "1"]
[SourceVersionDate "2016.09.13"]
[SourceQuality "1"]

1. Nf3 c5 2. c4 Nc6 3. Nc3 Nf6 4. e3 e6 5. d4 d5 6. dxc5 Bxc5 7. a3 a6 8. b4 Ba7 9. Bb2 0-0 10. Be2 Qe7 11. 0-0 Rd8 12. Qc2 dxc4 13. Bxc4 Bd7 14. Ne4 Nxe4 15. Qxe4 Rac8 16. Rac1 Bb8 17. Rfd1 Be8 18. Bb3 g6 19. h4 e5 20. h5 Kg7 21. Qf4 f6 22. h6+ Kf8 23. Qe4 Bf7 24. Bxf7 Qxf7 25. Nd2 Qa2 26. Qb1 Qxb1 27. Rxb1 Bd6 28. Ne4 Be7 29. f4 f5 30. Nc5 Rxd1+ 31. Rxd1 exf4 32. exf4 Bxc5+ 33. bxc5 Rd8 34. Rb1 Ke7 35. Be5 Rd7 36. Bd6+ Ke6 37. a4 Kd5 38. Kf2 Kc4 39. Rb6 Nb4 40. g4 fxg4 41. Kg3 Nd5 42. Rb1 Ne3 43. a5 Rf7 44. Bb8 Re7 45. Kh4 Kd5 46. Bd6 Rf7 47. Kg3 Nf5+ 48. Kxg4 Nxh6+ 49. Kg5 Nf5 50. Bb8 Nd4 51. Rd1 Kc4 52. Kh6 Nc6 53. Bd6 Nxa5 54. Re1 Nc6 0-1

[Event "RUS-ch Higher League 69th"]
[Site "Kolomna"]
[Date "2016.06.23"]
[Round "2"]
[White "Vavulin, Maksim"]
[Black "Eliseev, Urii"]
[Result "1/2-1/2"]
[WhiteElo "2507"]
[BlackElo "2602"]
[PlyCount "119"]
[EventDate "2016.06.22"]
[EventType "swiss"]
[EventRounds "9"]
[EventCountry "RUS"]
[SourceTitle "CBM 174"]
[Source "ChessBase"]
[SourceDate "2016.09.13"]
[SourceVersion "1"]
[SourceVersionDate "2016.09.13"]
[SourceQuality "1"]

1. e4 e5 2. Nf3 Nc6 3. Bb5 a6 4. Ba4 Nf6 5. Qe2 b5 6. Bb3 Be7 7. c3 d5 8. d3 0-0 9. Bg5 Be6 10. Nbd2 h6 11. Bh4 Nh5 12. Bg3 Nxg3 13. hxg3 Bc5 14. exd5 Bxd5 15. Ne4 Be7 16. g4 Bxb3 17. axb3 Qd5 18. g5 Qxb3 19. Nf6+ Bxf6 20. gxf6 Qe6 21. fxg7 Rfe8 22. Rh5 e4 23. dxe4 Qxe4 24. Qxe4 Rxe4+ 25. Kf1 Kxg7 26. Rc5 Re6 27. Rxb5 axb5 28. Rxa8 b4 29. Rc8 bxc3 30. bxc3 Re7 31. Nh4 Kf6 32. Rh8 Kg7 33. Ra8 Rd7 34. Nf5+ Kg6 35. Ra6 Kxf5 36. Rxc6 f6 37. g3 Rf7 38. Ke2 Re7+ 39. Kf3 h5 40. Rc5+ Kg6 41. Kg2 Rd7 42. Kf3 Re7 43. Kf4 Re2 44. f3 Re7 45. Rc6 Rh7 46. Ke3 Re7+ 47. Kf2 Rd7 48. Kg2 Rd2+ 49. Kh3 Rd7 50. g4 Rd3 51. Kg3 h4+ 52. Kxh4 Rxf3 53. Rxc7 Re3 54. c4 Rc3 55. Rc8 Kf7 56. Rc6 Kg7 57. Rc8 Kg6 58. c5 Rc4 59. Kg3 f5 60. gxf5+ 1/2-1/2

[Event "RUS-chT2"]
[Site "Sochi"]
[Date "2016.05.10"]
[Round "9.1"]
[White "Khalifman, Alexander"]
[Black "Eliseev, Urii"]
[Result "1/2-1/2"]
[WhiteElo "2614"]
[BlackElo "2606"]
[PlyCount "142"]
[EventDate "2016.05.01"]
[EventType "team-swiss"]
[EventRounds "9"]
[EventCountry "RUS"]
[SourceTitle "CBM 172 Extra"]
[Source "ChessBase"]
[SourceDate "2016.06.21"]
[SourceVersion "1"]
[SourceVersionDate "2016.06.21"]
[SourceQuality "1"]
[WhiteTeam "St Petersburg Peter's Boat"]
[BlackTeam "Moscow SergArk"]
[WhiteTeamCountry "RUS"]
[BlackTeamCountry "RUS"]

1. d4 Nf6 2. c4 g6 3. Nc3 Bg7 4. e4 0-0 5. Nf3 d6 6. Be2 e5 7. 0-0 Nc6 8. d5 Ne7 9. Ne1 Nd7 10. Nd3 f5 11. Bd2 Nf6 12. f3 f4 13. g4 h5 14. g5 Nh7 15. h4 Nxg5 16. hxg5 Nf5 17. Rf2 Ng3 18. Rg2 Bh3 19. Rh2 Bd7 20. Nf2 Qxg5 21. Rg2 Nxe2+ 22. Qxe2 Qf6 23. Rh2 Kf7 24. Kg2 Qg5+ 25. Kh1 Qe7 26. c5 dxc5 27. Qc4 Rfc8 28. Rg1 Bf6 29. d6+ Be6 30. dxe7 Bxc4 31. b3 Ba6 32. Nd5 Be2 33. Kg2 Bh8 34. Nh3 c6 35. Ng5+ Ke8 36. Nc3 Ba6 37. Ne6 b6 38. Nf8 Kf7 39. Kh1 Rxf8 40. exf8Q+ Rxf8 41. Be1 Bf6 42. Rd2 Rd8 43. Rxd8 Bxd8 44. Kg2 g5 45. Rh1 Kg6 46. Na4 g4 47. Bh4 Bxh4 48. Rxh4 Be2 49. fxg4 hxg4 50. Nc3 Bf3+ 51. Kg1 b5 52. Rh8 g3 53. Re8 b4 54. Nb1 Bxe4 55. Nd2 Bd5 56. Rxe5 Kf6 57. Rh5 Kg6 58. Rh8 Kf5 59. Rf8+ Ke5 60. Kf1 Kd4 61. Ke2 Kc3 62. Rxf4 g2 63. Rg4 a5 64. Kd1 Kb2 65. Rg7 Kxa2 66. Kc2 a4 67. bxa4 c4 68. Nxc4 Bxc4 69. Rxg2 Ka3 70. a5 Ka4 71. Rg5 Bb5 1/2-1/2

[Event "RUS-chT2"]
[Site "Sochi"]
[Date "2016.05.09"]
[Round "8.1"]
[White "Alekseenko, Kirill"]
[Black "Eliseev, Urii"]
[Result "1/2-1/2"]
[WhiteElo "2570"]
[BlackElo "2606"]
[PlyCount "120"]
[EventDate "2016.05.01"]
[EventType "team-swiss"]
[EventRounds "9"]
[EventCountry "RUS"]
[SourceTitle "CBM 172 Extra"]
[Source "ChessBase"]
[SourceDate "2016.06.21"]
[SourceVersion "1"]
[SourceVersionDate "2016.06.21"]
[SourceQuality "1"]
[WhiteTeam "St Petersburg SHSH"]
[BlackTeam "Moscow SergArk"]
[WhiteTeamCountry "RUS"]
[BlackTeamCountry "RUS"]

1. e4 e5 2. Nf3 Nc6 3. Bb5 a6 4. Ba4 Nf6 5. 0-0 Nxe4 6. d4 Be7 7. Re1 b5 8. d5 Nc5 9. Bb3 Na5 10. Nxe5 d6 11. Nc6 Nxc6 12. dxc6 Nxb3 13. axb3 Be6 14. Nc3 d5 15. Qd4 Bf6 16. Qxd5 0-0 17. Qf3 Bxc3 18. Qxc3 Qd6 19. Bg5 Bd5 20. Be7 Qg6 21. Qg3 Rfe8 22. Re5 Qxg3 23. hxg3 Bxc6 24. Rc5 Bd7 25. Bg5 c6 26. Rd1 Ra7 27. b4 f6 28. Be3 Rc7 29. Rc3 Bf5 30. Rd6 Kf7 31. Rdxc6 Rxc6 32. Rxc6 Rc8 33. Rxa6 Rxc2 34. Ra7+ Kg8 35. Bd4 Rc1+ 36. Kh2 h5 37. Rb7 Bd3 38. Rb8+ Kh7 39. Rb7 Kg8 40. Rb8+ Kh7 41. Rd8 Bc4 42. Rc8 Rd1 43. Bc3 Kg6 44. Rc7 Rd3 45. Rb7 Rd5 46. f3 Rd3 47. Re7 Rd1 48. Ra7 Rd3 49. Rb7 Rd5 50. Rc7 Rd3 51. Rc8 Rd1 52. Rb8 Rd3 53. Re8 Rd1 54. Re7 Rd3 55. Re1 Bb3 56. Ra1 Rd1 57. Ra5 Bc4 58. b3 Bd3 59. Ra7 Bc2 60. Rb7 Rd5 1/2-1/2

[Event "RUS-chT2"]
[Site "Sochi"]
[Date "2016.05.05"]
[Round "5.1"]
[White "Eliseev, Urii"]
[Black "Khismatullin, Denis Rimovich"]
[Result "1/2-1/2"]
[WhiteElo "2606"]
[BlackElo "2609"]
[PlyCount "81"]
[EventDate "2016.05.01"]
[EventType "team-swiss"]
[EventRounds "9"]
[EventCountry "RUS"]
[SourceTitle "CBM 172 Extra"]
[Source "ChessBase"]
[SourceDate "2016.06.21"]
[SourceVersion "1"]
[SourceVersionDate "2016.06.21"]
[SourceQuality "1"]
[WhiteTeam "Moscow SergArk"]
[BlackTeam "Togliatti Bulbasaur"]
[WhiteTeamCountry "RUS"]
[BlackTeamCountry "RUS"]

1. e4 e5 2. Nf3 Nc6 3. Bb5 Nf6 4. d3 Bc5 5. Bxc6 dxc6 6. Nbd2 Be6 7. 0-0 Nd7 8. Nb3 Bb6 9. Ng5 Bxb3 10. axb3 f6 11. Nf3 Nc5 12. Nd2 0-0 13. Nc4 Ne6 14. Kh1 Qd7 15. Qg4 Rad8 16. f4 Nxf4 17. Qxd7 Rxd7 18. Bxf4 exf4 19. Rxf4 Re8 20. Nxb6 axb6 21. g4 c5 22. Rf5 h6 23. Kg2 Kf7 24. Kf3 Ke6 25. Ke3 Rdd8 26. Kd2 Ra8 27. Re1 Kd6 28. h4 Re5 29. Ref1 Ke6 30. c3 Ra2 31. Kc2 Ra8 32. R5f4 Rd8 33. Ra1 h5 34. gxh5 Rxh5 35. Rg1 g5 36. hxg5 Rh2+ 37. Kb1 fxg5 38. Rxg5 Rh1+ 39. Kc2 Rh2+ 40. Kb1 Rh1+ 41. Kc2 1/2-1/2

[Event "RUS-ch U20"]
[Site "Loo"]
[Date "2016.04.24"]
[Round "5"]
[White "Eliseev, Urii"]
[Black "Lugovskoy, Maxim"]
[Result "1-0"]
[WhiteElo "2602"]
[BlackElo "2502"]
[PlyCount "59"]
[EventDate "2016.04.20"]
[EventType "tourn"]
[EventRounds "9"]
[EventCountry "RUS"]
[EventCategory "11"]
[SourceTitle "CBM 172"]
[Source "ChessBase"]
[SourceDate "2016.05.12"]
[SourceVersion "1"]
[SourceVersionDate "2016.05.12"]
[SourceQuality "1"]

1. e4 e6 2. d4 d5 3. Nc3 Bb4 4. e5 c5 5. a3 Bxc3+ 6. bxc3 Ne7 7. Qg4 Qc7 8. Bd3 cxd4 9. Ne2 dxc3 10. Qxg7 Rg8 11. Qxh7 Nbc6 12. Bf4 Bd7 13. 0-0 0-0-0 14. Bg3 Nxe5 15. Rab1 N7c6 16. Bb5 f6 17. Qh6 Rdf8 18. Rb3 Kb8 19. Rfb1 Ka8 20. Rxc3 Qa5 21. Rcb3 Rh8 22. Qe3 Ng4 23. Qc5 Nce5 24. Qd6 Bc8 25. h3 Rf7 26. hxg4 Rfh7 27. f3 Qd2 28. Bxe5 fxe5 29. Qxe5 a6 30. Bxa6 1-0

[Event "RUS-ch U20"]
[Site "Loo"]
[Date "2016.04.23"]
[Round "4"]
[White "Paravyan, David"]
[Black "Eliseev, Urii"]
[Result "1/2-1/2"]
[WhiteElo "2511"]
[BlackElo "2602"]
[PlyCount "51"]
[EventDate "2016.04.20"]
[EventType "tourn"]
[EventRounds "9"]
[EventCountry "RUS"]
[EventCategory "11"]
[SourceTitle "CBM 172"]
[Source "ChessBase"]
[SourceDate "2016.05.12"]
[SourceVersion "1"]
[SourceVersionDate "2016.05.12"]
[SourceQuality "1"]

1. e4 c5 2. Nf3 d6 3. d4 cxd4 4. Nxd4 Nf6 5. Nc3 Nc6 6. Bg5 e6 7. Qd2 a6 8. 0-0-0 Bd7 9. f4 Be7 10. Nf3 b5 11. e5 b4 12. exf6 bxc3 13. Qxc3 gxf6 14. Bh4 a5 15. Bb5 Nb4 16. Bxd7+ Qxd7 17. Kb1 Rc8 18. Qb3 0-0 19. f5 Nxc2 20. Ne5 Qd8 21. Rhf1 d5 22. fxe6 Na3+ 23. Ka1 Nc2+ 24. Kb1 Na3+ 25. Ka1 Nc2+ 26. Kb1 1/2-1/2

[Event "RUS-ch U20"]
[Site "Loo"]
[Date "2016.04.20"]
[Round "1"]
[White "Eliseev, Urii"]
[Black "Golubov, Saveliy"]
[Result "1/2-1/2"]
[WhiteElo "2602"]
[BlackElo "2467"]
[PlyCount "54"]
[EventDate "2016.04.20"]
[EventType "tourn"]
[EventRounds "9"]
[EventCountry "RUS"]
[EventCategory "11"]
[SourceTitle "CBM 172"]
[Source "ChessBase"]
[SourceDate "2016.05.12"]
[SourceVersion "1"]
[SourceVersionDate "2016.05.12"]
[SourceQuality "1"]

1. e4 c5 2. Nf3 e6 3. d4 cxd4 4. Nxd4 a6 5. Bd3 Bc5 6. Nb3 Be7 7. Qg4 g6 8. Qe2 d6 9. 0-0 Nd7 10. a4 Qc7 11. a5 Ngf6 12. Nc3 Ne5 13. Be3 0-0 14. f4 Nxd3 15. cxd3 Bd7 16. f5 exf5 17. Bb6 Qb8 18. exf5 Re8 19. Qd2 d5 20. h3 Nh5 21. g4 Bg5 22. Qh2 Nf4 23. Kh1 Nxd3 24. Bc7 Qa7 25. Bb6 Qb8 26. Bc7 Qa7 27. Bb6 Qb8 1/2-1/2

[Event "Moscow Aeroflot op-A 15th"]
[Site "Moscow"]
[Date "2016.03.09"]
[Round "9"]
[White "Eliseev, Urii"]
[Black "Fedoseev, Vladimir1111"]
[Result "0-1"]
[WhiteElo "2601"]
[BlackElo "2664"]
[PlyCount "126"]
[EventDate "2016.03.01"]
[EventType "swiss"]
[EventRounds "9"]
[EventCountry "RUS"]
[SourceTitle "CBM 171"]
[Source "ChessBase"]
[SourceDate "2016.03.14"]
[SourceVersion "2"]
[SourceVersionDate "2016.03.14"]
[SourceQuality "1"]

1. e4 e6 2. d4 d5 3. Nc3 Bb4 4. e5 Qd7 5. a3 Bxc3+ 6. bxc3 b6 7. Qg4 f5 8. Qg3 Ba6 9. Bxa6 Nxa6 10. Ne2 Kf7 11. h4 Ne7 12. Bg5 c5 13. h5 Rhc8 14. h6 g6 15. Rc1 cxd4 16. cxd4 Rc4 17. Bd2 Nc6 18. c3 Rf8 19. Ra1 Ke8 20. Bg5 Qf7 21. Bf6 Kd7 22. Nf4 Rc8 23. Qf3 Nc7 24. a4 b5 25. Nd3 b4 26. Nc5+ Ke8 27. Nb7 Qg8 28. Nd6+ Kd7 29. Nxc4 dxc4 30. Qe2 Nd5 31. Qxc4 bxc3 32. 0-0 Rc7 33. Rab1 Qc8 34. Rb5 Ncb4 35. Qb3 Rc4 36. a5 c2 37. Bg5 f4 38. Rc1 Rxd4 39. Qa4 Qc6 40. Rb7+ Nc7 41. Qxb4 Rxb4 42. Rxb4 Qd5 43. Bxf4 Na6 44. Rb2 Qd1+ 45. Kh2 Qd4 46. Rcxc2 Qxf4+ 47. g3 Qe4 48. Re2 Qa8 49. Red2+ Ke7 50. Rdc2 g5 51. Rc4 Kf7 52. Rd2 Qb7 53. Rd6 Qb2 54. Kg1 Qa1+ 55. Kg2 Qxe5 56. Rd7+ Kg6 57. Rc8 Nc5 58. Rxa7 Qe4+ 59. Kf1 Nd3 60. Rf8 Qh1+ 61. Ke2 Nc1+ 62. Kd2 Qd5+ 63. Ke1 Qe4+ 0-1

[Event "Moscow Aeroflot op-A 15th"]
[Site "Moscow"]
[Date "2016.03.07"]
[Round "7"]
[White "Eliseev, Urii"]
[Black "Artemiev, Vladislav"]
[Result "1/2-1/2"]
[WhiteElo "2601"]
[BlackElo "2674"]
[PlyCount "81"]
[EventDate "2016.03.01"]
[EventType "swiss"]
[EventRounds "9"]
[EventCountry "RUS"]
[SourceTitle "CBM 171"]
[Source "ChessBase"]
[SourceDate "2016.03.14"]
[SourceVersion "2"]
[SourceVersionDate "2016.03.14"]
[SourceQuality "1"]

1. e4 c5 2. Nf3 e6 3. d4 cxd4 4. Nxd4 a6 5. Bd3 Bc5 6. Nb3 Be7 7. Qg4 g6 8. Qe2 d6 9. 0-0 Nd7 10. a4 Ne5 11. a5 Nf6 12. Be3 0-0 13. Bb6 Qe8 14. c4 Bd7 15. Nc3 Bc6 16. Bc2 Rc8 17. f4 Nxc4 18. Qxc4 Bb5 19. Qd4 Bxf1 20. Rxf1 Nd7 21. Ba7 Qd8 22. Rd1 Rc6 23. Qe3 Rc4 24. f5 Qa8 25. Kh1 Ne5 26. Bb6 Qc8 27. Nd4 Rb4 28. Bb3 Nc4 29. Qe2 Nxb6 30. fxe6 Rxb3 31. Nxb3 Na8 32. exf7+ Rxf7 33. Nd5 Bf8 34. Rc1 Qd8 35. Qc4 Bh6 36. Rd1 Nc7 37. Nb6 Qh4 38. Qd3 Ne6 39. Nc4 Nf4 40. Qg3 Qh5 41. Qf3 1/2-1/2

[Event "Moscow Aeroflot op-A 15th"]
[Site "Moscow"]
[Date "2016.03.06"]
[Round "6"]
[White "Kotronias, Vasilios"]
[Black "Eliseev, Urii"]
[Result "0-1"]
[WhiteElo "2541"]
[BlackElo "2601"]
[PlyCount "102"]
[EventDate "2016.03.01"]
[EventType "swiss"]
[EventRounds "9"]
[EventCountry "RUS"]
[SourceTitle "CBM 171"]
[Source "ChessBase"]
[SourceDate "2016.03.14"]
[SourceVersion "2"]
[SourceVersionDate "2016.03.14"]
[SourceQuality "1"]

1. e4 c5 2. Nf3 Nc6 3. d4 cxd4 4. Nxd4 Nf6 5. Nc3 d6 6. Bg5 e6 7. Qd2 a6 8. 0-0-0 Be7 9. f4 Nxd4 10. Qxd4 b5 11. Bxf6 gxf6 12. Kb1 Rb8 13. Qd3 Qb6 14. Ne2 a5 15. f5 Bd7 16. Nf4 Qc5 17. g3 b4 18. fxe6 fxe6 19. Bh3 Qe5 20. Rhe1 a4 21. Qc4 Kf7 22. Qf1 Ke8 23. Qf2 a3 24. Nd3 Qh5 25. e5 fxe5 26. Nxe5 dxe5 27. Rxd7 Kxd7 28. Qa7+ Kd6 29. Qa6+ Kc5 30. Bg2 Rhc8 31. Qxe6 Rc7 32. Rxe5+ Qxe5 33. Qxe5+ Kb6 34. c4 Bc5 35. bxa3 bxa3 36. Kc1 h6 37. Qc3 Re7 38. g4 Ka6 39. Qf3 Re1+ 40. Kd2 Re6 41. Qf5 Rb2+ 42. Kd1 Rd6+ 43. Bd5 Ka5 44. Qc8 Kb4 45. Qe8 Rb6 46. Qe1+ Ka4 47. Qe8+ Ka5 48. Qe1+ R6b4 49. Qe8 Rb1+ 50. Ke2 R4b2+ 51. Kf3 Rf1+ 0-1

[Event "Moscow Aeroflot op-A 15th"]
[Site "Moscow"]
[Date "2016.03.04"]
[Round "4"]
[White "Predke, Alexandr"]
[Black "Eliseev, Urii"]
[Result "1-0"]
[WhiteElo "2508"]
[BlackElo "2601"]
[PlyCount "73"]
[EventDate "2016.03.01"]
[EventType "swiss"]
[EventRounds "9"]
[EventCountry "RUS"]
[SourceTitle "CBM 171"]
[Source "ChessBase"]
[SourceDate "2016.03.14"]
[SourceVersion "2"]
[SourceVersionDate "2016.03.14"]
[SourceQuality "1"]

1. e4 e5 2. Nf3 Nc6 3. Bb5 a6 4. Ba4 Nf6 5. 0-0 Be7 6. Re1 b5 7. Bb3 0-0 8. h3 Bb7 9. d3 d6 10. c3 Re8 11. Nbd2 Bf8 12. Nf1 h6 13. Ng3 Na5 14. Bc2 c5 15. d4 cxd4 16. cxd4 exd4 17. Nxd4 g6 18. Bf4 Rc8 19. b3 Nc6 20. Nxc6 Bxc6 21. Qd2 d5 22. e5 Ne4 23. Bxe4 dxe4 24. Qxd8 Rcxd8 25. Rac1 Ba8 26. Nxe4 Bxe4 27. Rxe4 g5 28. Be3 Bg7 29. Re1 f5 30. Rd4 f4 31. Rxd8 Rxd8 32. Bc5 Rd5 33. e6 Be5 34. b4 a5 35. a3 h5 36. f3 a4 37. Kf1 1-0

[Event "Moscow Aeroflot op-A 15th"]
[Site "Moscow"]
[Date "2016.03.02"]
[Round "2"]
[White "Eliseev, Urii"]
[Black "Najer, Evgeniy"]
[Result "0-1"]
[WhiteElo "2601"]
[BlackElo "2664"]
[PlyCount "108"]
[EventDate "2016.03.01"]
[EventType "swiss"]
[EventRounds "9"]
[EventCountry "RUS"]
[SourceTitle "CBM 171"]
[Source "ChessBase"]
[SourceDate "2016.03.14"]
[SourceVersion "2"]
[SourceVersionDate "2016.03.14"]
[SourceQuality "1"]

1. e4 e5 2. Nf3 Nc6 3. Bb5 a6 4. Ba4 Nf6 5. 0-0 Be7 6. d3 d6 7. c3 0-0 8. Nbd2 b5 9. Bc2 d5 10. Qe2 d4 11. cxd4 Nxd4 12. Nxd4 exd4 13. f4 c5 14. a4 Bb7 15. g4 c4 16. dxc4 bxc4 17. Nxc4 Rc8 18. Bd3 Nxe4 19. Bxe4 Bxe4 20. Qxe4 Rxc4 21. Bd2 Bc5 22. Kg2 Qd7 23. b3 Re8 24. Qd3 Rc2 25. Kg3 h5 26. gxh5 Rc3 27. Bxc3 Re3+ 28. Qxe3 dxe3 29. b4 Bb6 30. a5 Ba7 31. Rf3 Kh7 32. Rg1 Qc6 33. Rc1 Qd5 34. Rg1 Qxh5 35. Kg2 Qd5 36. Re1 f6 37. h4 Qd3 38. Rc1 Qe4 39. Kg3 Kg6 40. Be1 Bd4 41. b5 axb5 42. a6 Kh5 43. Bb4 Qe6 44. Kh2 Qa2+ 45. Kh3 Qxa6 46. f5 Be5 47. Rxe3 g5 48. hxg5 Qa2 49. Rxe5 fxe5 50. g6 Qb3+ 51. Bc3 b4 52. g7 bxc3 53. Rg1 c2+ 54. Kh2 c1Q 0-1

[Event "Moscow op-A"]
[Site "Moscow"]
[Date "2016.02.07"]
[Round "9"]
[White "Antal, Gergely"]
[Black "Eliseev, Urii"]
[Result "0-1"]
[WhiteElo "2566"]
[BlackElo "2582"]
[PlyCount "94"]
[EventDate "2016.01.30"]
[EventType "swiss"]
[EventRounds "9"]
[EventCountry "RUS"]
[SourceTitle "CBM 170 Extra"]
[Source "ChessBase"]
[SourceDate "2016.02.25"]
[SourceVersion "1"]
[SourceVersionDate "2016.02.25"]
[SourceQuality "1"]

1. e4 c5 2. Nf3 Nc6 3. Bb5 g6 4. Bxc6 bxc6 5. 0-0 Bg7 6. Re1 Nh6 7. c3 0-0 8. d4 cxd4 9. cxd4 d5 10. e5 f6 11. Nbd2 fxe5 12. Nxe5 Bxe5 13. dxe5 Qb6 14. Nf3 Nf5 15. Qc2 c5 16. b3 Bb7 17. Bg5 h6 18. Bd2 d4 19. Qd3 Qe6 20. h3 g5 21. Nh2 Nh4 22. f3 Rxf3 23. Nxf3 Bxf3 24. Re4 Bxe4 25. Qxe4 Rd8 26. Rf1 Rd5 27. g3 Ng6 28. Rf6 exf6 29. Qxg6+ Kf8 30. exf6 Rf5 31. Qxh6+ Ke8 32. Qh8+ Kd7 33. Qg7+ Kc6 34. Qxa7 Qxf6 35. Qa6+ Kd7 36. Qb7+ Ke6 37. Qb5 Qe5 38. Qe8+ Kf6 39. Qh8+ Kg6 40. Qxe5 Rxe5 41. Kf2 Re6 42. Kf3 Ra6 43. a4 Rb6 44. b4 cxb4 45. Bc1 Rc6 46. Bb2 Rc2 47. Bxd4 b3 0-1